Visualizzazione normale
Vista MARC
- Gianni Baget Bozzo
di Personal Name
Records bibliografici associati: 1
001 - CONTROL NUMBER
- control field: 34513
003 - CONTROL NUMBER IDENTIFIER
- control field: IT-RoPau
005 - DATE AND TIME OF LATEST TRANSACTION
- control field: 20150518224428.0
008 - FIXED-LENGTH DATA ELEMENTS
- fixed length control field: 150518|| aca||aabn | a|a d
040 ## - CATALOGING SOURCE
- Original cataloging agency: IT-RoPau
- Transcribing agency: IT-RoPau
100 ## - HEADING--PERSONAL NAME
- Personal name: Gianni Baget Bozzo
670 ## - SOURCE DATA FOUND
- Source citation: Work cat.: (IT-RoPau)12413: Gianni Baget Bozzo, Il partito cristiano e l'apertura a sinistra. La D.C. di Fanfani e di Moro 1954-1962